Complex analysis, Fifth Romanian-Finnish Seminar : proceedings of the seminar held in Bucharest, June 28 - July 3, 1981
Αποθηκεύτηκε σε:
| Συγγραφή απο Οργανισμό/Αρχή: | |
|---|---|
| Άλλοι συγγραφείς: | |
| Μορφή: | Πρακτικό Συνεδρίου Βιβλίο |
| Γλώσσα: | English |
| Δημοσίευση: |
Berlin :
Springer-Verlag,
1983.
|
| Σειρά: | (Lecture notes in mathematics / Springer-Verlag ;
1013-1014) |
| Θέματα: | |
| Ετικέτες: |
Προσθήκη ετικέτας
Δεν υπάρχουν, Καταχωρήστε ετικέτα πρώτοι!
|
MARC
| LEADER | 00000cam a2200000 i 4500 | ||
|---|---|---|---|
| 001 | 1/60702 | ||
| 008 | 941103s1983 gw | ||| |||| ||eng|| | ||
| 020 | |a 354012683X | ||
| 020 | |a 3540126821 | ||
| 035 | |a 1993 |l 10046306 | ||
| 040 | |a GR-MyUa |b gre |e AACR2 | ||
| 041 | 0 | |a eng | |
| 082 | 7 | |a 515.9 |2 (22) | |
| 245 | 0 | 0 | |a Complex analysis, Fifth Romanian-Finnish Seminar : |b proceedings of the seminar held in Bucharest, June 28 - July 3, 1981 / |c edited by C. Andreian... [et al.]. |
| 260 | |a Berlin : |b Springer-Verlag, |c 1983. | ||
| 300 | |a 2 τ. ; |c 24 εκ. | ||
| 490 | 1 | |a (Lecture notes in mathematics / Springer-Verlag ; |v 1013-1014) | |
| 650 | 0 | |a Functions of complex variables |x Congresses. | |
| 650 | 0 | |a Functions of several complex variables |x Congresses. | |
| 650 | 0 | |a Mappings (Mathematics) |x Congresses. | |
| 650 | 0 | |a Functional analysis |x Congresses. | |
| 650 | 0 | |a Potential theory (Mathematics) |x Congresses. | |
| 700 | 1 | |a Andreian Cazacu, Cabiria, |e edtf | |
| 711 | 2 | |a Romanian-Finnish Seminar on Complex Analysis |n (5th : |d 1981 : |c Bucharest, Romania) | |
| 852 | |a INST |b SAMOS |e 19941103 |h 515.9 COM |p 005300007777 |q 005300007777 |t BK |y 0 |z v.1 | ||
| 852 | |a INST |b SAMOS |e 19941103 |h 515.9 COM |p 005300007778 |q 005300007778 |t BK |y 0 |z v.2 | ||
| 852 | |a INST |b SAMOS |e 19941103 |h 515.9 COM |p 005300007777 |q 005300007777 |t BK |v v.1: |y 0 |z v.1 | ||
| 852 | |a INST |b SAMOS |e 19941103 |h 515.9 COM |p 005300007778 |q 005300007778 |t BK |v v.2: |y 0 |z v.2 | ||
| 853 | |a INST |b SAMOS |h 515.9 COM | ||